Dänemark-Quiz - Sudden Death - Statistiken

Allgemein
  • Dieses Quiz wurde 192 mal gespielt
  • Das Durchschnittsergebnis liegt bei 4 aus 10
Answers on the Grid
Answers color-coded by a green-red scale on the quiz's grid according to % correct below.
Die Hauptstadt Dänemarks ist Kopenhagen
Dies ist die Flagge Dänemarks: 🇩🇰
Dänemark grenzt an Deutschland
Dänemark grenzt an ein Land mit dieser Flagge: 🇸🇪
In Dänemark zahlt man mit dem Euro
Dänemark ist nicht in der Europäischen Union
Das BIP pro Kopf von Dänemark ist höher als das von Schweden
Die Insel Grönland gehört zu Dänemark
Dänemark ist derzeit noch ein Königreich
In Dänemark leben mehr Männer als Frauen
Flächenmäßig ist Dänemark kleiner als die Niederlande
(Ohne außerhalb Europas liegende Gebiete)
In Dänemark leben mehr Menschen als in Serbien
Das KFZ-Kennzeichen von Dänemark ist "DK"
Die Färöer gehören zu Dänemark
Bisher hat Dänemark dreimal den ESC gewonnen
Die Öresundbrücke verbindet Dänemark mit Norwegen
In Dänemark gibt es Linksverkehr
Dänemark gehört nicht zu Skandinavien
Aus Dänemark kommt LEGO
Das dänische Jütland verbindet die Nord- mit der Ostsee
 
Antwortstatistiken
Antwort % Korrekt
Die Hauptstadt Dänemarks ist Kopenhagen
63%
Dänemark grenzt an Deutschland
58%
Aus Dänemark kommt LEGO
55%
Die Insel Grönland gehört zu Dänemark
54%
Dies ist die Flagge Dänemarks: 🇩🇰
51%
Dänemark ist derzeit noch ein Königreich
48%
Das KFZ-Kennzeichen von Dänemark ist "DK"
46%
Die Färöer gehören zu Dänemark
34%
Bisher hat Dänemark dreimal den ESC gewonnen
14%
Das BIP pro Kopf von Dänemark ist höher als das von Schweden
13%
Keine übereinstimmenden Quizze gefunden
Verteilung der Resultate
Anzahl Personen mit jedem Resultat
Perzentil nach korrekt beantworteten Fragen
Ihre Resultats-Entwicklung
Sie haben dieses Quiz noch nicht gespielt